| 000 | 01015nam a2200277 a 4500 | ||
|---|---|---|---|
| 001 | BRCA_2292 | ||
| 005 | 20190320203739.0 | ||
| 008 | 931110s1998 mx-a---##b---#000-0#spa-d | ||
| 020 | _a0863553621 | ||
| 041 | _aspa | ||
| 044 | _amx | ||
| 050 | 4 |
_aNK4695 _b.H67 1998 |
|
| 245 | 1 | 0 |
_aLa hora del té _cselección y comisariado de la exposición Diana Eccles, Joanna Gutteridge ; traducción Urquijo Ana. |
| 260 |
_aLondres _bThe British Council _c1998 |
||
| 300 |
_a1 v. (sin paginación) _bil. _c17 cm. |
||
| 500 | _aIncluye glosario de términos técnicos | ||
| 500 | _aCatálogo de la exposición realizada en el Museo Franz Mayer (Ciudad de México), 1998 | ||
| 500 | _a1 ejemplar en Biblioteca y 1 en Trípticos | ||
| 650 | 1 | 4 |
_aCerámica industrial _ySiglo XX _zGran Bretaña _96860 |
| 650 | 1 | 4 |
_aMonumentos históricos _zMéxico _93156 |
| 650 | 1 | 4 |
_aTeteras _vExposiciones _96861 |
| 700 | 1 |
_aEccles, Diana _96862 |
|
| 700 | 1 |
_aGutteridge, Joanna _96863 |
|
| 700 | 1 |
_aUrquijo, Ana _96864 |
|
| 942 |
_2lcc _cB |
||
| 999 |
_c2037 _d2037 |
||